02207nam a2200397 4500001000400000003000400004005001700008008004100025020001800066040000800084041001300092082001500105100004100120240009400161245015500255260003400410300001100444490004500455520077100500650002701271650003401298650002601332650001701358650001901375650002001394650001401414655001601428655002001444700003701464700004201501700004701543830005001590942001501640952014101655999001301796217OSt20250528074015.0250203b |||||||g |||| 00| 1 eng d a9788508067695 bpor hengapor a823bD754s1 aDoyle, Arthur Conan,d1859-19309388 aMemories of Sherlock Holmes, The return of Sherlock Holmes, The hound of the Baskervilles aSherlock Holmes, Volume II /cDoyle, Arthur Conan ; Tradução de Áurea de Brito Weissenberg, Flávio Mello e Silva e Arnaldo Viriato de Medeiros aRio de JaneirobEdiouroc2002 a597 p.1 aObra completa / Sherlock Holmesvvol. 02 aNeste volume: Memórias de Sherlock Holmes (contos), A Volta de Sherlock Holmes (contos) e O Cão dos Baskervilles. Os fatos são contundentes. O povo tomou conta de Holmes. Chegou a crer na sua existência. Nenhum personagem de ficção tem no mundo mais vasta bibliografia, com toda uma gama de estudos, dos mais ingênuos aos mais eruditos; ninguém, fictício ou real, foi alvo de tantas representações teatrais, cinematográficas, em histórias em quadrinhos, em palavras cruzadas, em seriados de TV; ninguém multiplicou um gênero (literatura policial) em proporções de tiragens tão astronômicas. Os "holmistas" existiram desde a primeira hora e continuam surgindo no fluir das gerações. Holmes não tem leitores, tem devotos. 0aLiteratura Inglesa989 0aCrime e Investigação 913 0aRomance Policial 911 0aSuspense910 0aMistério942 0aClássicos977 0aFilme926 0aRomance923 0aFicção 922 aAurea WeissenbergeTradutor9153 aFlávio Mello e SilvaeTradutor9404 aArnaldo Viriato de MedeiroseTradutor9405 aObra completa / Sherlock Holmesvvol. 029400 2ddcn0cBK 00102ddc3vol. 0240708FICaBIBIBbBIBIBcLEd2016-11-30edoaçãol0o823 / D754sp2025-15418r2025-01-31 07:47:58w2025-01-31yBK c217d217